Normal view
MARC view
- Supervisor Dr. Muhammad Usman Akram
Entry Personal Name
001 - CONTROL NUMBER
- control field: 69721
003 - CONTROL NUMBER IDENTIFIER
- control field: NUST
005 - DATE AND TIME OF LATEST TRANSACTION
- control field: 20210628204300.0
008 - FIXED-LENGTH DATA ELEMENTS
- fixed length control field: 210628|| aca||aabn | a|a d
040 ## - CATALOGING SOURCE
- Original cataloging agency: NUST
- Transcribing agency: NUST
100 ## - HEADING--PERSONAL NAME
- Personal name: Supervisor Dr. Muhammad Usman Akram
670 ## - SOURCE DATA FOUND
- Source citation: Work cat.: (NUST): Rabia Rashid 69720, TH-SOF-1512-Deep Convolutional Neural Networks for Lungs Segmentation and Diagnosis of Tuberculosis from Chest X-Rays, 2018
